O Garoto dos meus Sonhos / (Record no. 433)

MARC details
000 -LÍDER
campo de controle de tamanho fixo 02503nam a2200301 4500
001 - NÚMERO DE CONTROLE
campo de controle 433
003 - IDENTIFICADOR DO NÚMERO DE CONTROLE
campo de controle OSt
005 - DATA E HORÁRIO DA ÚLTIMA TRANSAÇÃO
campo de controle 20250625075651.0
008 - CAMPO DE DADOS FIXOS--INFORMAÇÃO GERAL
campo de controle de tamanho fixo 250625b |||||||g |||| 00| 1 eng d
020 ## - ISBN - INTERNATIONAL STANDARD BOOK NUMBER
ISBN - International Standard Book Number 9788525060495
040 ## - FONTE DA CATALOGAÇÃO
Idioma da catalogação por
041 ## - CÓDIGO DE IDIOMA
Código do idioma do original e/ou traduções intermediárias do texto eng
Código do idioma do texto/trilha sonora ou título diferente por
082 ## - CDD - CLASSIFICAÇÃO DECIMAL DE DEWEY
Número de Classificação 028.5
Número do exemplar K33g
100 1# - ENTRADA PRINCIPAL--NOME PESSOAL
Nome pessoal Keating, Lucy
9 (RLIN) 936
240 ## - TÍTULO UNIFORME
Título uniforme Dreamology
245 ## - TÍTULO
Título O Garoto dos meus Sonhos /
Indicação de responsabilidade, etc. Keating, Lucy ; Tradução de Luisa Geisler
260 ## - PUBLICAÇÃO, DISTRIBUIÇÃO, ETC.
Local de publicação, distribuição, etc. São Paulo
Nome do editor, distribuidor, etc. Globo Alt
Data da publicação, distribuição, etc. 2016
300 ## - DESCRIÇÃO FÍSICA
Extensão 264 p.
520 ## - NOTA DE RESUMO, ETC.
Resumo, etc. Desde quando consegue se lembrar, Alice tem sonhado com Max. Juntos eles viajaram o mundo, passearam em elefantes cor-de-rosa, fizeram guerra de biscoitos no Metropolitan Museum of Art... e acabaram se apaixonando. Max é o garoto dos sonhos – e somente dos sonhos – até o dia em que Alice o vê, surpreendentemente, na vida real. Mas ele não faz ideia de quem ela é... Ou faz? Enquanto começam a se conhecer, Alice percebe que o Max dos Sonhos em nada se parece com o Max Real. Ele é complicado e teimoso, além de ter uma namorada e uma vida inteira da qual Alice não faz parte. Quando coisas fantásticas dos sonhos começam estranhamente a aparecer na vida real – como pavões gigantes que falam, folhas de outono cor-de-rosa incandescente, e constelações de estrelas coloridas –, Alice e Max precisam tomar a difícil decisão de fazer isso tudo parar. Mesmo que os sonhos sejam mais encantadores que a realidade, seria realmente bom viver neles para sempre?<br/><br/><br/><br/>A história mostra um ingênuo senhor rural cujo passatempo favorito era a leitura de livros de cavalaria. Na sua obsessão, acreditava literalmente nas aventuras escritas e decide tornar-se um cavaleiro andante. Suas viagens sucedem-se sob a alucinação de que estava vivendo na era da cavalaria; pessoas que encontrava nas estradas pareciam-lhe como cavaleiros em armas, damas em apuros, gigantes e monstros; até moinhos de vento na sua imaginação eram seres vivos. Combatendo as injustiças, o personagem enfrenta situações penosas e ridículas, mantendo, porém, uma figura nobre e patética. Ao final, Dom Quixote volta à razão, renuncia aos romances de cavalaria e morre como piedoso cristão.
650 #0 - ASSUNTO--TERMO TÓPICO
Cabeçalho tópico ou nome geográfico Literatura Americana
9 (RLIN) 84
650 #0 - ASSUNTO--TERMO TÓPICO
Cabeçalho tópico ou nome geográfico Romance para Adolescente
9 (RLIN) 937
650 #0 - ASSUNTO--TERMO TÓPICO
Cabeçalho tópico ou nome geográfico Amor e Paixão
9 (RLIN) 25
650 #0 - ASSUNTO--TERMO TÓPICO
Cabeçalho tópico ou nome geográfico Primeiras desilusões amorosas
9 (RLIN) 944
655 #0 - TERMO DE ÍNDICE--GÊNERO E FORMA
Gênero/forma/ou termo foco Romance
655 #0 - TERMO DE ÍNDICE--GÊNERO E FORMA
Gênero/forma/ou termo foco Ficção
700 ## - ENTRADA ADICIONADA - NOME PESSOAL
Nome pessoal Luisa Geisler
Função do autor por extenso TRADUTOR
9 (RLIN) 943
942 ## - ELEMENTOS DE ENTRADA ADICIONADOS (KOHA)
Fonte de classificação ou esquema de arquivamento Classificação decimal de Dewey
Ocultar no OPAC Não
Tipo de material Koha Livros
Holdings
Situação do descarte Situação das perdas Fonte de classificação ou esquema de arquivamento Status danificado Não pode ser emprestado Coleção Biblioteca de origem Biblioteca atual Localização na estante Data de aquisição Fonte de aquisição Total de empréstimos Número de chamada completo Código de barras Data de último acesso Data do preço efetivo Tipo de material Koha
    Classificação decimal de Dewey     Ficção Biblioteca Professor Eduardo Afonso de Castro Biblioteca Professor Eduardo Afonso de Castro Infanto Juvenil 25.06.2025 doação   IJ 028.5 / K33g 2025-17364 25.06.2025 25.06.2025 Livros

Powered by Koha